000 00507nam a22001697a 4500
005 20251108170911.0
008 250721s1990 xx 000 0 ara d
082 1 4 _a327.12/دال
100 1 _aدالاس، ألن
245 1 0 _aكنت رئيسا للسي . آي . إيه /
264 1 _aعمان :
_bدار الشروق للنشر و التوزيع،
_c1990.
300 _a248ص
650 1 7 _aالجاسوسية
700 1 _aالأعصر، علاء
_eترجمة
942 _2ddc
_cBK
999 _c51652
_d51652